Pozycja Corporate Name
Liczba rekordów, w których użyto hasła: 1
001 - Numer kontrolny
- control field: 40809
003 - Identyfikator numeru kontrolnego
- control field: NUKAT
005 - Data i czas ostatniej modyfikacji
- control field: 20260428131056.0
008 - Dane kontrolne kodowane (40 znaków)
- fixed length control field: 170529n||azznnbabn |a ana |
010 ## - Numer kontrolny Biblioteki Kongresu
- numer kontrolny LC: p 2004610808
024 7# - OTHER STANDARD IDENTIFIER
- Standard number or code: 128620508
- Source of number or code: viaf
035 ## - Numer systemowy
- numer systemowy: a14088046
035 ## - Numer systemowy
- numer systemowy: (PL)a0000001408804
040 ## - Instytucja sporządzająca rekord
- inst. przygot. dane do rek. khw: WA N
- język haseł przedmiotowych/tezaurus: DBN
- inst. wprow. rek. khw: WA N
043 ## - Kod obszaru geograficznego
- ISO code: US
046 ## - Special dates
- Establishment date: 1789
110 2# - Hasło - nazwa ciała zbiorowego
- nazwa ciała zbior. lub geogr. na pocz.: Kongres Stanów Zjednoczonych
368 ## - Other Attributes
- Corp type: Parlament
370 ## - Associated place
- Country: Stany Zjednoczone (USA)
370 ## - Associated place
- Residence/HQ: Waszyngton (Stany Zjednoczone, DC)
372 ## - Field of activity
- Field: Parlamentaryzm
372 ## - Field of activity
- Field: Prawodawstwo
372 ## - Field of activity
- Field: Polityka
377 ## - Assoc lang
- Lang code: eng
410 2# - Trop zob. - nazwa ciała zbiorowego
- nazwa ciała zbior. lub geogr. na pocz.: Parlament Stanów Zjednoczonych
410 2# - Trop zob. - nazwa ciała zbiorowego
- nazwa ciała zbior. lub geogr. na pocz.: Parlament (Stany Zjednoczone)
410 2# - Trop zob. - nazwa ciała zbiorowego
- nazwa ciała zbior. lub geogr. na pocz.: Parlament USA
410 1# - Trop zob. - nazwa ciała zbiorowego
- nazwa ciała zbior. lub geogr. na pocz.: United States.
- nazwa jednostki podrzędnej: Congress
510 2# - Trop zob. też - nazwa ciała zbiorowego
- podpole kontrolne: h
- nazwa ciała zbior. lub geogr. na pocz.: Committee on Commerce (Kongres Stanów Zjednoczonych)
510 2# - Trop zob. też - nazwa ciała zbiorowego
- podpole kontrolne: h
- nazwa ciała zbior. lub geogr. na pocz.: Commission on Security and Cooperation in Europe (Kongres Stanów Zjednoczonych)
510 2# - Trop zob. też - nazwa ciała zbiorowego
- podpole kontrolne: h
- nazwa ciała zbior. lub geogr. na pocz.: Izba Reprezentantów Stanów Zjednoczonych
510 2# - Trop zob. też - nazwa ciała zbiorowego
- podpole kontrolne: h
- nazwa ciała zbior. lub geogr. na pocz.: Senat Stanów Zjednoczonych
510 2# - Trop zob. też - nazwa ciała zbiorowego
- podpole kontrolne: h
- nazwa ciała zbior. lub geogr. na pocz.: Joint Economic Committee (Kongres Stanów Zjednoczonych)
550 ## - Trop zob. też - nazwa pospolita
- nazwa posp. lub nazwa geogr. na pocz.: Kapitol (Waszyngton ; budynek)
550 ## - Trop zob. też - nazwa pospolita
- nazwa posp. lub nazwa geogr. na pocz.: Ustawa JUST (2017)
682 ## - Informacja o usuniętym haśle
- tekst wyjaśniający: zmienione z:
- zastąpione hasło: 150 Parlament - Stany Zjednoczone